000 00751nam a22002297a 4500
003 UA-OsUOA
001 33931
007 ta
008 20050919b un ||||| |||| 00| 0 ukr d
090 _a81.347.3(038)
_bК68
942 _cBK
040 _aUA-OsUOA
_bukr
_cUA-OsUOA
_dUA-OsUOA
245 _aКороткий тлумачний словник української мови
_bБлизько 7000 слів
_cЗа ред. Гринчишина Д. Г.
300 _a608 с.
955 _a2
041 _aukr
080 _a81.347.3(038)
020 _a966-8547-27-6
260 _aК.
_bПросвіт
_c2004
650 7 _a8 Мовознавство. Художня література. Літературознавство
_2UDC
999 _c320394
_d320394